| 000 | 00829nam a22001815i 4500 | ||
|---|---|---|---|
| 001 | 165836 | ||
| 003 | ES-MaACL | ||
| 005 | 20230906213220.0 | ||
| 008 | 960520s1880 sp |||| | spa d | ||
| 040 |
_aCLM _bspa _cCCPB | SIC |
||
| 110 | 2 |
_aInstituto de Enseñanza Media Cardenal Cisneros (Madrid) _94869 |
|
| 245 | 1 | 0 |
_aMemoria acerca del estado del Instituto del Cardenal Cisneros durante el curso de 1878 a 1879 / _cescrita por Hemeterio Suaña y Castellet. |
| 260 |
_aMadrid : _b[s.n.], _c1880 ( _fImprenta, Estereotipia y Galvanoplastia de Aribau y C. º) |
||
| 300 |
_a163 p., [2] h. ; _c23 cm. |
||
| 610 | 2 | 4 |
_aInstituto de Enseñanza Media Cardenal Cisneros (Madrid)- _vMemorias. _9144969 |
| 700 | 1 |
_aSuaña y Castellet, Hemeterio. _9132945 |
|
| 852 |
_aES-MaACL _jT-361-F-9 _z-- Enc. hol. _z-- Enc. en un vol. facticio |
||
| 999 |
_c165836 _d165836 |
||